Most Populous Cities in the U.S. - 1960 Census - Statistics

General Stats
  • This quiz has been taken 21 times
  • The average score is 87 of 100
Answer Stats
Answer State Population % Correct
Atlanta GA 487,455
100%
Baltimore MD 939,024
100%
Boston MA 697,197
100%
Buffalo NY 532,759
100%
Chicago IL 3,550,404
100%
Cincinnati OH 502,550
100%
Columbus OH 471,316
100%
Dallas TX 679,684
100%
Detroit MI 1,670,144
100%
El Paso TX 276,687
100%
Houston TX 938,219
100%
Kansas City MO 475,539
100%
Kansas City KS 121,901
100%
Los Angeles CA 2,479,015
100%
Memphis TN 497,524
100%
Milwaukee WI 741,324
100%
Minneapolis MN 482,872
100%
New Orleans LA 627,525
100%
New York City NY 7,781,984
100%
Oklahoma City OK 324,253
100%
Philadelphia PA 2,002,512
100%
Portland OR 372,676
100%
San Antonio TX 587,718
100%
San Diego CA 573,224
100%
San Francisco CA 740,316
100%
San Jose CA 204,196
100%
Seattle WA 557,087
100%
Washington DC 763,956
100%
Akron OH 290,351
91%
Albany NY 129,726
91%
Albuquerque NM 201,189
91%
Birmingham AL 340,887
91%
Cleveland OH 876,050
91%
Dayton OH 262,332
91%
Denver CO 493,887
91%
Flint MI 196,940
91%
Fort Worth TX 356,268
91%
Gary IN 178,320
91%
Grand Rapids MI 177,313
91%
Indianapolis IN 476,258
91%
Jackson MS 144,422
91%
Jacksonville FL 201,030
91%
Jersey City NJ 276,101
91%
Long Beach CA 344,168
91%
Louisville KY 390,639
91%
Miami FL 291,688
91%
Newark NJ 405,220
91%
Omaha NE 301,598
91%
Phoenix AZ 439,170
91%
Pittsburgh PA 604,332
91%
Rochester NY 318,611
91%
Sacramento CA 191,667
91%
Salt Lake City UT 189,454
91%
St. Louis MO 750,026
91%
St. Paul MN 313,411
91%
Syracuse NY 216,038
91%
Tampa FL 274,970
91%
Toledo OH 318,003
91%
Yonkers NY 190,634
91%
Austin TX 186,545
82%
Charlotte NC 201,564
82%
Des Moines IA 208,982
82%
Evansville IN 141,543
82%
Fort Wayne IN 161,776
82%
Honolulu HI 294,194
82%
Mobile AL 202,779
82%
Nashville TN 170,874
82%
Norfolk VA 305,872
82%
Oakland CA 367,548
82%
Paterson NJ 143,663
82%
Providence RI 207,498
82%
Richmond VA 219,958
82%
Savannah GA 149,245
82%
Springfield MA 174,463
82%
Tucson AZ 212,892
82%
Tulsa OK 261,685
82%
Wichita KS 254,698
82%
Worcester MA 186,587
82%
Youngstown OH 166,689
82%
Arlington VA 163,401
73%
Baton Rouge LA 152,419
73%
Bridgeport CT 156,748
73%
Corpus Christi TX 167,690
73%
Hartford CT 162,178
73%
Madison WI 126,706
73%
Montgomery AL 134,393
73%
New Haven CT 152,048
73%
Shreveport LA 164,372
73%
Spokane WA 181,608
73%
St. Petersburg FL 181,298
73%
Tacoma WA 147,979
73%
Chattanooga TN 130,009
64%
Erie PA 138,440
64%
Fresno CA 133,929
64%
Greensboro NC 119,574
64%
Lincoln NE 128,521
64%
Rockford IL 126,706
64%
South Bend IN 132,445
64%
Amarillo TX 137,969
55%
Lubbock TX 128,691
55%
No matching quizzes found
Score Distribution
Percent of People with Each Score
Percentile by Number Answered
Your Score History
You have not taken this quiz